Normal view
MARC view
Entry Topical Term
001 - CONTROL NUMBER
- control field: 1620007
003 - CONTROL NUMBER IDENTIFIER
- control field: NLI
005 - DATE AND TIME OF LATEST TRANSACTION
- control field: 20250619142555.0
008 - FIXED-LENGTH DATA ELEMENTS
- fixed length control field: 250619|| aca||aabn | a|a d
040 ## - CATALOGING SOURCE
- Original cataloging agency: NLI
- Transcribing agency: NLI
150 ## - HEADING--TOPICAL TERM
- Topical term or geographic name entry element: Nuclear power plants
- General subdivision: Cooling
670 ## - SOURCE DATA FOUND
- Source citation: Work cat.: (NLI)1668000: 880-01 Dukler, A. E. 1620005, Two phase interactions in counter-current flow :, 1979
